[Event "Ostrava Konik op-A"]
[Site "Ostrava"]
[Date "2016.05.04"]
[Round "5"]
[White "Kubala, Karel"]
[Black "Jamka, Bretislav"]
[Result "0-1"]
[WhiteElo "1996"]
[BlackElo "2019"]
[PlyCount "68"]
[EventDate "2016.04.30"]
[EventType "swiss"]
[EventRounds "9"]
[EventCountry "CZE"]
[SourceTitle "CBM 172 Extra"]
[Source "ChessBase"]
[SourceDate "2016.06.21"]
[SourceVersion "1"]
[SourceVersionDate "2016.06.21"]
[SourceQuality "1"]

1. d4 Nf6 2. Nf3 d5 3. Bf4 e6 4. e3 c5 5. Nc3 Qa5 6. Bb5+ Bd7 7. Bxd7+ Nbxd7 8. 0-0 Rc8 9. a3 c4 10. Re1 Be7 11. Ne5 Qd8 12. Qf3 0-0 13. Rad1 Qb6 14. Nxd7 Nxd7 15. e4 dxe4 16. Nxe4 Qxb2 17. Nd6 Bxd6 18. Bxd6 Rfe8 19. Rb1 Qxc2 20. Rxb7 Qa4 21. Bc5 Qa5 22. Rc1 Rc7 23. Bb4 Qg5 24. Rc3 Rxb7 25. Qxb7 Qd2 26. g3 Qxd4 27. Qc6 Qd1+ 28. Kg2 Qd5+ 29. Qxd5 exd5 30. Kf3 d4 31. Rc1 Ne5+ 32. Kg2 Rc8 33. Bd6 f6 34. f4 Nd3 0-1

[Event "Ostrava Konik op-A"]
[Site "Ostrava"]
[Date "2016.05.02"]
[Round "3"]
[White "Malinovsky, Petr"]
[Black "Jamka, Bretislav"]
[Result "1-0"]
[WhiteElo "1968"]
[BlackElo "2019"]
[PlyCount "55"]
[EventDate "2016.04.30"]
[EventType "swiss"]
[EventRounds "9"]
[EventCountry "CZE"]
[SourceTitle "CBM 172 Extra"]
[Source "ChessBase"]
[SourceDate "2016.06.21"]
[SourceVersion "1"]
[SourceVersionDate "2016.06.21"]
[SourceQuality "1"]

1. d4 Nf6 2. c4 e5 3. dxe5 Ne4 4. Nd2 Bb4 5. a3 Bxd2+ 6. Bxd2 Nxd2 7. Qxd2 0-0 8. e3 Nc6 9. f4 f6 10. exf6 Qxf6 11. Bd3 d6 12. Nf3 Re8 13. 0-0 Bf5 14. e4 Bg4 15. Rae1 Bxf3 16. Rxf3 Nd4 17. Rh3 Nb3 18. Qf2 Nc5 19. Bb1 h6 20. e5 Qe7 21. Qc2 Kf8 22. Qh7 Qf7 23. Bg6 Qg8 24. Qxg8+ Kxg8 25. Bxe8 Rxe8 26. Rhe3 dxe5 27. Rxe5 Rxe5 28. Rxe5 1-0

[Event "Ostrava Seniors op"]
[Site "Ostrava"]
[Date "2014.05.03"]
[Round "8"]
[White "Jamka, Bretislav"]
[Black "Lexa, Vaclav"]
[Result "0-1"]
[WhiteElo "2059"]
[BlackElo "1895"]
[PlyCount "68"]
[EventDate "2014.04.26"]
[EventType "swiss"]
[EventRounds "9"]
[EventCountry "CZE"]
[SourceTitle "CBM 160 Extra"]
[Source "ChessBase"]
[SourceDate "2014.07.01"]
[SourceVersion "1"]
[SourceVersionDate "2014.07.01"]
[SourceQuality "1"]

1. d4 d5 2. c4 e6 3. Nf3 Nf6 4. g3 Be7 5. Bg2 a6 6. 0-0 Nbd7 7. b3 c5 8. cxd5 exd5 9. Bb2 Nb6 10. Nbd2 0-0 11. Ne5 Bf5 12. h3 Rc8 13. g4 Bd7 14. Rc1 Re8 15. e3 Bd6 16. f4 Bb5 17. Rf2 Nfd7 18. a4 Bc6 19. Qf3 Qe7 20. a5 cxd4 21. Bxd4 Na8 22. Nxc6 Rxc6 23. Rxc6 bxc6 24. Bf1 Bb4 25. g5 Bxa5 26. Bd3 Nc7 27. e4 c5 28. Bxg7 Bxd2 29. e5 Kxg7 30. Qh5 Nf8 31. Rxd2 c4 32. Qh6+ Kh8 33. Bf5 Nce6 34. Rxd5 Rd8 0-1

[Event "Ostrava Seniors op"]
[Site "Ostrava"]
[Date "2014.05.02"]
[Round "7"]
[White "Zlebcik, Ladislav"]
[Black "Jamka, Bretislav"]
[Result "1/2-1/2"]
[WhiteElo "1889"]
[BlackElo "2059"]
[PlyCount "43"]
[EventDate "2014.04.26"]
[EventType "swiss"]
[EventRounds "9"]
[EventCountry "CZE"]
[SourceTitle "CBM 160 Extra"]
[Source "ChessBase"]
[SourceDate "2014.07.01"]
[SourceVersion "1"]
[SourceVersionDate "2014.07.01"]
[SourceQuality "1"]

1. e4 c5 2. Nf3 Nc6 3. d4 cxd4 4. Nxd4 Qb6 5. Nb5 a6 6. Be3 Qa5+ 7. N5c3 Nf6 8. Nd2 e6 9. Nc4 Qc7 10. Nb6 Rb8 11. f3 Bb4 12. Qd2 0-0 13. a3 Ba5 14. Qf2 d5 15. exd5 exd5 16. Rd1 Bf5 17. Nbxd5 Nxd5 18. Rxd5 g6 19. Bd3 Be6 20. Rxa5 Qxa5 21. 0-0 Ne5 22. Ne4 1/2-1/2

[Event "Ostrava SMP op"]
[Site "Ostrava"]
[Date "2006.05.02"]
[Round "4"]
[White "Cubok, Milan"]
[Black "Jamka, Bretislav"]
[Result "1/2-1/2"]
[WhiteElo "1838"]
[BlackElo "1950"]
[PlyCount "79"]
[EventDate "2006.04.29"]
[EventType "swiss"]
[EventRounds "9"]
[EventCountry "CZE"]
[SourceTitle "EXT 2008"]
[Source "ChessBase"]
[SourceDate "2007.11.25"]
[SourceVersion "1"]
[SourceVersionDate "2007.11.25"]
[SourceQuality "1"]

1. d4 Nf6 2. Nf3 e6 3. Bg5 d5 4. c4 Bb4+ 5. Nc3 h6 6. Bh4 c5 7. e3 Nc6 8. Rc1 g5 9. Bg3 Ne4 10. Bd3 Nxg3 11. hxg3 cxd4 12. exd4 Qf6 13. 0-0 Bxc3 14. bxc3 dxc4 15. Bxc4 0-0 16. Re1 Rd8 17. Qe2 a6 18. a4 Bd7 19. Nd2 Na5 20. Ne4 Qg7 21. Nc5 Nxc4 22. Qxc4 b5 23. Qa2 Qg6 24. a5 Bc6 25. Re5 Rd5 26. Rxd5 Bxd5 27. Qc2 Kg7 28. Qe2 Qf5 29. g4 Qf4 30. Re1 Rc8 31. Qe5+ Qxe5 32. Rxe5 Rc6 33. Re3 Rd6 34. f3 Kg6 35. Kf2 h5 36. gxh5+ Kxh5 37. g4+ Kg6 38. Kg3 f6 39. Nd3 Bc4 40. Nc5 1/2-1/2

[Event "Ostrava SMP op"]
[Site "Ostrava"]
[Date "2006.05.01"]
[Round "3"]
[White "Jamka, Bretislav"]
[Black "Samiec, Pavel"]
[Result "1-0"]
[WhiteElo "1950"]
[BlackElo "1548"]
[PlyCount "97"]
[EventDate "2006.04.29"]
[EventType "swiss"]
[EventRounds "9"]
[EventCountry "CZE"]
[SourceTitle "EXT 2008"]
[Source "ChessBase"]
[SourceDate "2007.11.25"]
[SourceVersion "1"]
[SourceVersionDate "2007.11.25"]
[SourceQuality "1"]

1. Nf3 Nf6 2. g3 d5 3. Bg2 c6 4. d4 Bf5 5. 0-0 e6 6. c3 Be7 7. Qb3 Qc7 8. Bf4 Qc8 9. Nbd2 0-0 10. Rfe1 Nbd7 11. Nh4 Be4 12. f3 Bf5 13. Nxf5 exf5 14. e4 fxe4 15. fxe4 dxe4 16. Nxe4 Nxe4 17. Bxe4 Nf6 18. Bxh7+ Nxh7 19. Rxe7 b5 20. Rae1 Nf6 21. Rc7 Qg4 22. Rxc6 Nh5 23. Qd1 Qh3 24. Rc5 Nxf4 25. gxf4 Rae8 26. Rce5 Rxe5 27. fxe5 Qf5 28. Qe2 Qf4 29. Qe3 Qg4+ 30. Qg3 Qd7 31. a3 a5 32. Re4 Qd5 33. Rg4 g6 34. h4 Qa2 35. Qg2 Qb1+ 36. Kh2 Qf5 37. Qe2 Kg7 38. Qe4 Qf2+ 39. Rg2 Qf1 40. e6 Re8 41. d5 Qf6 42. Re2 Rh8 43. Qe5 Rxh4+ 44. Kg3 Rh8 45. e7 Re8 46. Qxf6+ Kxf6 47. d6 g5 48. d7 Rxe7 49. d8Q 1-0

[Event "Ostrava op-B"]
[Site "Ostrava"]
[Date "2003.05.09"]
[Round "8"]
[White "Chlevistan, Jaromir"]
[Black "Jamka, Bretislav"]
[Result "0-1"]
[WhiteElo "1713"]
[BlackElo "1994"]
[PlyCount "48"]
[EventDate "2003.05.03"]
[EventType "swiss"]
[EventRounds "10"]
[EventCountry "CZE"]
[SourceTitle "EXT 2006"]
[Source "ChessBase"]
[SourceDate "2005.11.24"]
[SourceVersion "1"]
[SourceVersionDate "2005.11.24"]
[SourceQuality "1"]

1. e4 c5 2. Nf3 d6 3. Bb5+ Bd7 4. Bxd7+ Qxd7 5. c4 Nc6 6. 0-0 a6 7. Nc3 e6 8. d4 cxd4 9. Nxd4 Nf6 10. f4 Rc8 11. b3 Be7 12. Bb2 0-0 13. f5 d5 14. Na4 Qc7 15. fxe6 Nxd4 16. exf7+ Rxf7 17. Bxd4 dxe4 18. Qe2 Rcf8 19. Bxf6 Bxf6 20. Rad1 Qe5 21. Rd5 Qxd5 22. cxd5 Bd4+ 23. Rf2 Rxf2 24. Qxf2 Rxf2 0-1

[Event "Ostrava op-B"]
[Site "Ostrava"]
[Date "2003.05.05"]
[Round "4"]
[White "Lanca, Ivan"]
[Black "Jamka, Bretislav"]
[Result "1-0"]
[WhiteElo "2109"]
[BlackElo "1994"]
[PlyCount "97"]
[EventDate "2003.05.03"]
[EventType "swiss"]
[EventRounds "10"]
[EventCountry "CZE"]
[SourceTitle "EXT 2006"]
[Source "ChessBase"]
[SourceDate "2005.11.24"]
[SourceVersion "1"]
[SourceVersionDate "2005.11.24"]
[SourceQuality "1"]

1. b4 e6 2. Bb2 Nf6 3. b5 c5 4. e3 b6 5. Nf3 Bb7 6. Be2 Be7 7. c4 d6 8. Nc3 Nbd7 9. 0-0 Qc7 10. a4 0-0 11. d3 Rad8 12. Qc2 Rfe8 13. Nd2 d5 14. Nf3 Bd6 15. h3 h6 16. a5 dxc4 17. dxc4 Qc8 18. Nd2 Bb8 19. axb6 axb6 20. Nce4 Qc7 21. Ng3 Ne5 22. Bxe5 Qxe5 23. Bf3 Bxf3 24. Nxf3 Qc7 25. Rfd1 Rxd1+ 26. Rxd1 Rd8 27. Rd2 Qe7 28. Nf1 Rxd2 29. Qxd2 e5 30. Qc2 e4 31. N3d2 h5 32. Qa4 Qd8 33. Qa6 Bc7 34. Qb7 Qe7 35. Ng3 Qe5 36. Qa8+ Kh7 37. Ndxe4 g6 38. Nxf6+ Qxf6 39. Qc6 Qe5 40. Qd5 Qa1+ 41. Nf1 Kg7 42. g3 Be5 43. Kg2 Bf6 44. Nd2 h4 45. g4 Qd1 46. Ne4 Qxd5 47. cxd5 Bd8 48. Nd2 Kf6 49. Nc4 1-0

[Event "Ostrava op-B"]
[Site "Ostrava"]
[Date "2003.05.03"]
[Round "1"]
[White "Jamka, Bretislav"]
[Black "Janku, Viktor"]
[Result "1-0"]
[WhiteElo "1994"]
[BlackElo "1670"]
[PlyCount "75"]
[EventDate "2003.05.03"]
[EventType "swiss"]
[EventRounds "10"]
[EventCountry "CZE"]
[SourceTitle "EXT 2006"]
[Source "ChessBase"]
[SourceDate "2005.11.24"]
[SourceVersion "1"]
[SourceVersionDate "2005.11.24"]
[SourceQuality "1"]

1. Nf3 Nc6 2. d4 d5 3. c4 Nf6 4. Nc3 dxc4 5. e3 e6 6. Bxc4 Bb4 7. 0-0 0-0 8. a3 Bd6 9. e4 e5 10. d5 Ne7 11. Bg5 Ng6 12. h3 h6 13. Be3 Bd7 14. Rc1 Qc8 15. Kh2 a6 16. b4 b5 17. Bd3 Re8 18. Ne2 Qd8 19. Qd2 Kh7 20. Rc3 Rc8 21. Rfc1 Nh5 22. Bc5 Nhf4 23. a4 Nh4 24. Nxf4 Nxf3+ 25. gxf3 Qg5 26. Rg1 Qxf4+ 27. Qxf4 exf4 28. e5+ g6 29. exd6 cxd6 30. Bd4 Rxc3 31. Bxc3 bxa4 32. Re1 Rc8 33. Bd4 Bb5 34. Bxb5 axb5 35. h4 Rc4 36. Bf6 Rxb4 37. Re8 g5 38. h5 1-0